ბათუმის შოთა რუსთაველის სახელმწიფო უნივერსიტეტის ბიბლიოთეკა

Линейные алгебраические группы (ბიბ.ჩანაწერი № 48061)

000 -LEADER
fixed length control field 00649nam a2200217Ia 4500
001 - CONTROL NUMBER
control field 14941
003 - CONTROL NUMBER IDENTIFIER
control field GE_BSU
008 - FIXED-LENGTH DATA ELEMENTS--GENERAL INFORMATION
fixed length control field 181216s||||||||xx |||||||||||||| ||und||
040 ## - CATALOGING SOURCE
Transcribing agency GE_BSU
080 ## - UNIVERSAL DECIMAL CLASSIFICATION NUMBER
Universal Decimal Classification number 512.4
100 ## - MAIN ENTRY--PERSONAL NAME
Personal name Борель,А.
245 ## - TITLE STATEMENT
Title Линейные алгебраические группы
245 ## - TITLE STATEMENT
Statement of responsibility, etc. Под.ред.В.П.Платонова. Пер. с англ. А.Е.Залесского
260 ## - PUBLICATION, DISTRIBUTION, ETC.
Place of publication, distribution, etc. Москва
260 ## - PUBLICATION, DISTRIBUTION, ETC.
Name of publisher, distributor, etc. Мир
260 ## - PUBLICATION, DISTRIBUTION, ETC.
Date of publication, distribution, etc. 1972
300 ## - PHYSICAL DESCRIPTION
Extent 269стр.22см.
300 ## - PHYSICAL DESCRIPTION
Accompanying material Указатель стр.266
653 ## - INDEX TERM--UNCONTROLLED
Uncontrolled term Линейные алгебраические группы
942 ## - ADDED ENTRY ELEMENTS (KOHA)
Koha item type წიგნი
ეგზემპლარები
Withdrawn status Lost status Damaged status Not for loan Date acquired Barcode Date last seen Price effective from Koha item type
        2018-12-17 15031 2018-12-17 2018-12-17 წიგნი
        2018-12-17 16755 2018-12-17 2018-12-17 წიგნი
        2018-12-17 16756 2018-12-17 2018-12-17 წიგნი
        2018-12-17 15725 2018-12-17 2018-12-17 წიგნი
        2018-12-17 17016 2018-12-17 2018-12-17 წიგნი